000
00255nam a2200097Ia 4500
005
20251222114415.0
008
251222s1900||||xx |||||||||||||| ||spa||
082
_a
DVD0092/U61/2006
245
0
_a
Tras las huellas de Jesucristo - La Sábana Santa:
942
_c
DVD
999
_c
2180
_d
2180